000 00324nam a2200145Ia 4500
003 OSt
005 20240409101742.0
008 170524s9999 xx 000 0 und d
020 _a0070473811
040 _cIIMTU MEERUT
100 _aLOUNDON
245 0 _aCONSUMER BEHAVIOUR
260 _aTATA MC GRAW HILL
942 _2ddc
_c02
999 _c2038
_d2038